| 000 | 005210000a22001930004500 | ||
|---|---|---|---|
| 001 | 003071 | ||
| 003 | MACL | ||
| 005 | 20150930143707.0 | ||
| 008 | 150930b xxu||||| |||| 00| 0 eng d | ||
| 040 |
_aMACL _cMACL |
||
| 041 | _aEnglish | ||
| 082 | _a894.811/KAN | ||
| 100 |
_aKandaswamy, S.N. _912873 |
||
| 245 |
_aTamil Literature And Indian Philosophy _cS.N. Kandaswamy |
||
| 260 |
_aChennai _c2001 _bInternational Institute Of Tamil Studies, |
||
| 350 | _a200 | ||
| 650 |
_aLiterature _912874 |
||
| 942 |
_k895 _cBK _2ddc |
||
| 999 |
_c14977 _d14977 |
||